000 00423nam a22001697a 4500
005 20180425130424.0
008 160520b xxu||||| |||| 00| 0 eng d
020 _a81-219-0502-8
041 _aeng
082 _b3455
_a510.2462
100 _aDass H.K.
_9832
245 _aEngineering Mathematics
260 _aNew Delhi
_bSultan Chand & Sons.
_c1982
300 _a1062
650 _aDIPLOMA ENGINEERING
_9817
942 _cBK
999 _c1187
_d1187